000 00331nam a2200133 i 4500
001 bg
100 1 _aMEISSNER, Stefania
245 0 _aOddziaływanie środków masowego przekazu /
_cStefania Meissner.
260 _aWarszawa,
_c1979.
040 _cBPK
041 _apol
942 _cKS
008 s pl f |000 0 pol
999 _c19042
_d19042
856 _uhttp://koha.tu.koszalin.pl/cgi-bin/koha/opac-detail.pl?biblionumber=19042
_yKatalog online BPK